Mort subite Les enfants des années 30 - Statistiques

Statistiques générales
  • Ce quiz a été pris 30 fois
  • Le résultat moyen est 2 sur 40
Answers on the Grid
Answers color-coded by a green-red scale on the quiz's grid according to % correct below.
Philippe Bouvard
Michèle Mercier
Pierre Bérégovoy
Sean Connery
Calvin Klein
Hubert Reeves
Anne Frank
Maggie Smith
Angela Davis
Michel Robin
Mercotte
Silvio Berlusconi
Paul Newman
Marion Game
Édouard Balladur
Sal Mineo
Garcimore
Jacques Chirac
Paul McCartney
Jean Rochefort
Jacques Brel
Issey Miyake
John Lennon
Guy Bedos
Jean-Claude Casadesus
Claude Brasseur
Line Renaud
André Glucksmann
Roland Giraud
Helmut Kohl
Jean-Marie Cavada
Delphine Seyrig
Che Guevara
Lee Harvey Oswald
Serge Lama
Georges Moustaki
Philippe Gildas
André Glucksmann
Pelé
Mikhaïl Gorbatchev
Andy Warhol
Raymond Poulidor
Danièle Évenou
Fernand Raynaud
Michel Hidalgo
Paul Anka
Mireille Darc
Michel Serrault
Sylvie Joly
Danièle Gilbert
Marilyn Monroe
Desmond Tutu
Jean-Claude Pascal
Vince Taylor
Plácido Domingo
Marcel Uderzo
Luis Rego
Sim
Christophe Izard
Paul Préboist
Michael Lonsdale
Bernard Ménez
Gene Vincent
Daniel Toscan du Plantier
John McCain
Robert Kennedy
Manu Dibango
Peter Falk
Guy Marchand
Dominique Lavanant
Annie Girardot
Max Meynier
Simone Veil
Donald Sutherland
Richard Burton
Sœur Sourire
Jacques Perrin
Mel Brooks
Geneviève de Fontenay
Nicoletta
 
Statistiques - réponses
Réponse % Correct
1930 Sean Connery
67%
1936 Claude Brasseur
33%
1932 Jacques Chirac
33%
1934 Maggie Smith
33%
1936 Silvio Berlusconi
33%
1937 André Glucksmann
0%
1937 André Glucksmann
0%
1931 Annie Girardot
0%
1937 Christophe Izard
0%
1932 Delphine Seyrig
0%
1931 Desmond Tutu
0%
1935 Donald Sutherland
0%
1932 Geneviève de Fontenay
0%
1935 Gene Vincent
0%
1934 Georges Moustaki
0%
1934 Guy Bedos
0%
1937 Guy Marchand
0%
1930 Helmut Kohl
0%
1932 Hubert Reeves
0%
1938 Issey Miyake
0%
1935 Jean-Claude Casadesus
0%
1930 Jean Rochefort
0%
1936 John McCain
0%
1939 Lee Harvey Oswald
0%
1933 Manu Dibango
0%
1933 Marcel Uderzo
0%
1938 Marion Game
0%
1938 Max Meynier
0%
1931 Michael Lonsdale
0%
1939 Michèle Mercier
0%
1933 Michel Hidalgo
0%
1930 Michel Robin
0%
1931 Mikhaïl Gorbatchev
0%
1938 Mireille Darc
0%
1935 Philippe Gildas
0%
1936 Raymond Poulidor
0%
1939 Sal Mineo
0%
1933 Sœur Sourire
0%
1934 Sylvie Joly
0%
1939 Vince Taylor
0%
Aucun quiz correspondant
Distribution des résultats
% des personnes avec chaque résultat
Percentile par nombre de réponses
Votre historique - résultats
Vous n’avez pas pris ce quiz